| 000 | 00357pam a2200145 a 4500 | ||
|---|---|---|---|
| 020 | _c | ||
| 041 | _aeng | ||
| 082 |
_a621.3815 _bORE |
||
| 100 |
_aOrehkin, _eauthor. |
||
| 245 |
_aMicroelectronics _hDonate Books |
||
| 260 |
_aUSSR: _bMIR Publications., _c1986. |
||
| 300 |
_a238: _bp.b.; _c22*15. |
||
| 653 | _aSolid State Devices & Circuits | ||
| 930 | _a15686 | ||
| 999 |
_c58907 _d58907 |
||